La biblia de la computación (Registro nro. 11595)

Detalles MARC
000 -LIDER
fixed length control field 01196nam a22003137a 4500
001 - NÚMERO DE CONTROL
Identificador de número de control 000565
003 - IDENTIFICACDOR DE NÚMERO DE CONTROL
control field DO-SdBNP
005 - DATE AND TIME OF LATEST TRANSACTION
control field 20170905094702.0
007 - CAMPOS FIJOS DE DESCRIPCIÓN FÍSICA
fixed length control field 000565
008 - ELEMENTOS DE LONGITUD FIJA
fixed length control field 161018b 2011 sp a d ||||| |||| 00| 0 spa d
020 ## - ISBN
International Standard Book Number 9789962040361
040 ## - FUENTE DE CATALOGACIÓN
Agencia que crea de manera original el registro BPMSU
Idioma de catalogación spa
Agencia que realiza la transcripción BPMSU
082 #4 - NÚMERO DE CLASIFICACIÓN DECIMAL DE DEWEY
Classification number R 005.369
Item number B582co
245 00 - MENCIÓN DE TITULO
Título La biblia de la computación
246 13 - VARIACION DEL TÍTULO
Título propiamente dicho o título corto La biblia de la computación e internet.
260 0# - PUBLICACIÓN, DISTRIBUCIÓN, ETC. (PIE DE IMPRENTA)
Lugar de publicación, distribución, etc Barcelona :
Nombre del editor, distribuidor, etc. Lexus,
Fecha de publicación, distribución, etc 2011.
300 ## - DESCRIPCIÓN FÍSICA
Extensión xxii, 1016 p. :
Otros detalles físicos il. ;
Dimensiones 27 cm.
505 0# - NOTA DE CONTENIDO
Título Conocimientos básicos. --
-- Windows 7. --
-- Microsoft Internet Explorer. --
-- Microsoft Office XP. --
-- Microsoft Word 2010. ---
-- Hoja de cálculo: Excel 2010. --
-- Base de datos: Access 2010. --
-- Programa de presentaciones: Power Point. --
-- Agenda de trabajo: Outlook XP. --
630 #4 - ENCABEZAMIENTO DE MATERIA--TITULO UNIFORME
Título uniforme MICROSOFT OFFICE
630 #4 - ENCABEZAMIENTO DE MATERIA--TITULO UNIFORME
Título uniforme MICROSOFT WINDOWS
650 #4 - ENCABEZAMIENTO DE MATERIA--TEMÁTICO
Término temático o nombre geográfico como elemento de entrada MICROSOFT WINDOWS NT (PROGRAMA PARA COMPUTADOR)
650 #4 - ENCABEZAMIENTO DE MATERIA--TEMÁTICO
Término temático o nombre geográfico como elemento de entrada SISTEMAS OPERACIONALES (COMPUTADORES)
650 #4 - ENCABEZAMIENTO DE MATERIA--TEMÁTICO
Término temático o nombre geográfico como elemento de entrada INTERNET
650 #4 - ENCABEZAMIENTO DE MATERIA--TEMÁTICO
Término temático o nombre geográfico como elemento de entrada INFORMÁTICA
Subdivisión temática general MANUALES
650 #4 - ENCABEZAMIENTO DE MATERIA--TEMÁTICO
Término temático o nombre geográfico como elemento de entrada COMPUTADORES
Subdivisión temática general MANUALES
942 ## - ADDED ENTRY ELEMENTS (KOHA)
Source of classification or shelving scheme Dewey Decimal Classification
Koha item type Libros
945 ## - INFORMACIÓN DE PROCESAMIENTO LOCAL
Información de procesamiento local Inventariado /2017 VM
956 ## - LOCAL ELECTRONIC LOCATION AND ACCESS (OCLC)
Método de acceso LOPEREZ
Materiales especificados 10
Enlace 20161018
Campo enlazado y núm. de secuencia BPMSU
Nombre de host 00041
Existencias
Withdrawn status Lost status Source of classification or shelving scheme Damaged status Not for loan Collection code Home library Current library Date acquired Source of acquisition Total Checkouts Full call number Barcode Date last seen Price effective from Koha item type Copy number
    Dewey Decimal Classification     Colección de Referencia General Biblioteca Pública Metropolitana Salomé Ureña Biblioteca Pública Metropolitana Salomé Ureña 10/18/2016 Compra   005.369 B582co BPMSU16100239 10/18/2016 10/18/2016 Libros  
    Dewey Decimal Classification     Colección de Referencia General Biblioteca Pública Metropolitana Salomé Ureña Biblioteca Pública Metropolitana Salomé Ureña 09/05/2017 Compra   R 005.369 B582co BPMET17090001 09/05/2017 09/05/2017 Libros e. 2